Les sources du Nil (Record no. 165660)

MARC details
000 -LEADER
campo de control de longitud fija 01122nam a22002655i 4500
001 - NÚMERO DE CONTROL
campo de control 165660
003 - IDENTIFICADOR DE NÚMERO DE CONTROL
campo de control ES-MaACL
005 - FECHA Y HORA DE LA ÚLTIMA TRANSACCIÓN
campo de control 20230906213200.0
008 - DATOS DE LONGITUD FIJA--INFORMACIÓN GENERAL
campo de control de longitud fija 051006s1867 fr bcfb| |||||||| ||spa d
040 ## - FUENTE DE CATALOGACIÓN
Centro catalogador/agencia de origen CAM
Lengua de catalogación spa
Centro/agencia transcriptor CAM
080 ## - NÚMERO DE LA CLASIFICACIÓN DECIMAL UNIVERSAL
Número de la Clasificación Decimal Universal 910.4(6-11)"18"
100 1# - ENTRADA PRINCIPAL--NOMBRE DE PERSONA
Nombre de persona Speke, John Hanning.
9 (RLIN) 132863
245 14 - MENCIÓN DEL TÍTULO
Título Les sources du Nil
Resto del título : voyage des capitaines Speke & Grant /
Mención de responsabilidad, etc. abrégé d'aprés la traduction de E.-D. Forgues par J. Belin-De Launay.
260 ## - PUBLICACIÓN, DISTRIBUCIÓN, ETC.
Lugar de publicación, distribución, etc. Paris :
Nombre del editor, distribuidor, etc. L. Hachette & C.,
Fecha de publicación, distribución, etc. 1867 (
Lugar de fabricación/manufactura Coulommiers :
Fabricante Typographie de A. Moussin)
300 ## - DESCRIPCIÓN FÍSICA
Extensión XV, 324 p., [24] h. de ám., [3] h. de map. pleg. ;
Dimensiones 19 cm.
490 1# - MENCIÓN DE SERIE
Mención de serie Bibliothèque Rose illustrée
598 ## - NOTA LOCAL
Nota local Dato de serie tomado de la cub.
651 #4 - PUNTO DE ACCESO ADICIONAL DE MATERIA--NOMBRE GEOGRÁFICO
Nombre geográfico África oriental-
Subdivisión general Descubrimientos y exploraciones.
9 (RLIN) 144263
700 1# - ENTRADA AGREGADA--NOMBRE PERSONAL
Nombre de persona Grant, James Augustus.
9 (RLIN) 127534
700 0# - ENTRADA AGREGADA--NOMBRE PERSONAL
Nombre de persona Belin de Launay, Jules.
9 (RLIN) 27165
700 1# - ENTRADA AGREGADA--NOMBRE PERSONAL
Nombre de persona Forgues, Emile Durand.
9 (RLIN) 127113
830 0# - PUNTO DE ACCESO ADICIONAL DE SERIE-TÍTULO UNIFORME
Título uniforme Bibliothèque Rose illustrée
9 (RLIN) 222479
852 ## - LOCALIZACIÓN
Ubicación ES-MaACL
Número de control de estantería C-3498
Nota libre -- Enc. hol., conservando la cub. original
-- -- Legado de Modesto de la Fuente
Holdings
Estatus retirado Estado de pérdida Estado de daño No para préstamo Colección Biblioteca de origen Biblioteca actual Ubicación en estantería Fecha de adquisición Fuente de adquisición Total de préstamos Signatura topográfica completa Código de barras Visto por última vez Precio de reemplazo Tipo de ítem Koha
        Libros del s. XIX Biblioteca del Ateneo de Madrid Biblioteca del Ateneo de Madrid Sala Palomar 17/01/2008     C-3498 1173731 23/02/2023 23/02/2023 Libro impreso antiguo